История органической химии в университетах России. От истоков до наших дней: монография

Podrobná bibliografie
Další autoři: Белоглазкина Е. К. (редактор), Белецкая И. П., Ненайденко В. Г.
Shrnutí:Монография посвящена истории возникновения и развития органической химии в университетах России. Она представляет собой совместный труд научных коллективов из 48 российских университетов. В книге прослежены внутренние генетические связи и взаимное влияние, которое кафедры и выдающиеся ученые-органики российских университетов оказывали на развитие друг друга на протяжении всей их истории (с середины 18 века до наших дней). Представлены данные по развитию и современной тематике исследований, структуре и учебному процессу в российских университетах. Разделы монографии расположены в хронологическом порядке: открывает ее история органической химии в колыбели российской и мировой органической химии Казани, где в трудах А.М. Бутлерова появилось такое понятие, как органическая химия, и завершают разделы, посвященные самым "молодым" с точки зрения органической химии вузам России.
Jazyk:ruština
Vydáno: Москва, Техносфера, 2018
Témata:
Médium: MixedMaterials Kniha
KOHA link:https://koha.lib.tpu.ru/cgi-bin/koha/opac-detail.pl?biblionumber=346810

MARC

LEADER 00000nam0a2200000 4500
001 346810
005 20231102005928.0
010 |a 9785948365367 
035 |a (RuTPU)RU\TPU\book\378695 
090 |a 346810 
100 |a 20211118d2018 k y0rusy50 ca 
101 0 |a rus 
102 |a RU 
105 |a a z 001zy 
200 1 |a История органической химии в университетах России. От истоков до наших дней  |e монография  |f под ред. Е. К. Белоглазкиной [и др.] 
210 |a Москва  |c Техносфера  |d 2018 
215 |a 752 с.  |c ил. 
316 |5 63413507: 21-605  |a На форзаце дарственная надпись: "Научно-технической библиотеке ТПУ в день празднования 120-летия основания кафедры органической химии 15.10.2021 Е. А. Краснокутская" 
320 |a Библиогр. в конце гл. 
330 |a Монография посвящена истории возникновения и развития органической химии в университетах России. Она представляет собой совместный труд научных коллективов из 48 российских университетов. В книге прослежены внутренние генетические связи и взаимное влияние, которое кафедры и выдающиеся ученые-органики российских университетов оказывали на развитие друг друга на протяжении всей их истории (с середины 18 века до наших дней). Представлены данные по развитию и современной тематике исследований, структуре и учебному процессу в российских университетах. Разделы монографии расположены в хронологическом порядке: открывает ее история органической химии в колыбели российской и мировой органической химии Казани, где в трудах А.М. Бутлерова появилось такое понятие, как органическая химия, и завершают разделы, посвященные самым "молодым" с точки зрения органической химии вузам России. 
606 1 |a Органическая химия  |x История  |2 stltpush  |3 (RuTPU)RU\TPU\subj\75461  |9 87225 
610 1 |a история 
610 1 |a университеты 
610 1 |a Россия 
610 1 |a Казанский университет 
610 1 |a химики 
610 1 |a Московский государственный университет 
610 1 |a кафедры 
610 1 |a научные связи 
610 1 |a профессора 
610 1 |a Томск 
610 1 |a университетское образование 
610 1 |a химическое образование 
610 1 |a химическое взаимодействие 
610 1 |a 18 век 
610 1 |a 19 век 
610 1 |a 20 век 
610 1 |a учебный процесс 
610 1 |a вузы 
610 1 |a научные школы 
610 1 |a химики 
610 1 |a биографии 
610 1 |a персоналии 
610 1 |a профессора 
610 1 |a профессорско-преподавательский состав 
610 1 |a Томский политехнический университет 
610 1 |a кафедра органической химии 
610 1 |a монографии 
610 1 |a Коллекция История ТПУ 
610 1 |a дарственные надписи 
610 1 |a дары библиотеке 
675 |a 547(09)  |v 4 
702 1 |a Белоглазкина  |b Е. К.  |4 340 
702 1 |a Белецкая  |b И. П.  |4 340 
702 1 |a Ненайденко  |b В. Г.  |4 340 
801 1 |a RU  |b 63413507  |c 20211118 
801 2 |a RU  |b 63413507  |c 20211229  |g RCR 
942 |c BK